00655 2200253 4500001002100000005001700021008004100038035002400079082001000103090001700113100004300130245003600173250001100209260003100220300001900251500003500270650001100305700002500316700001300341850001500354980001100369985000600380999001500386YOGYA-0209000000540920090227020815.0 ind  0010-020900000005409 a297.2 a297.2bMuh I aMUHAMMAD BIN SHALIH AL-UTAIMIN, Syaikh aIntisari Aqidah islam. Ratna AN aCet. 1 aSolobPustaka Mantiqc1977 a136 hlmc16 cm aJudul asli : Nubdzh Fil aqidah aAkidah aMahdamy, Abdul Qadir aRatna AN aYOPDYOG(B) a160605 a1 a98P0117466